<?xml version="1.0" encoding="UTF-8"?>
<collection xmlns="http://www.loc.gov/MARC21/slim">
 <record>
  <leader>00942nam a22002295a 4500</leader>
  <controlfield tag="001">EAD.ead001366</controlfield>
  <controlfield tag="008">080414s2004####ag#######b####000#0#spa#d</controlfield>
  <controlfield tag="005">20180821132941.0</controlfield>
  <datafield tag="245" ind1="1" ind2="0">
   <subfield code="a">Contabilidad social y ambiental /</subfield>
   <subfield code="c">Ricardo J. M. Pahlen Acuña, Luisa Fronti de García.</subfield>
  </datafield>
  <datafield tag="260" ind1=" " ind2=" ">
   <subfield code="a">Buenos Aires :</subfield>
   <subfield code="b">Ediciones Macchi,</subfield>
   <subfield code="c">2004.</subfield>
  </datafield>
  <datafield tag="300" ind1=" " ind2=" ">
   <subfield code="a">xxxvii, 359 p. ;</subfield>
   <subfield code="c">28 cm.</subfield>
  </datafield>
  <datafield tag="504" ind1=" " ind2=" ">
   <subfield code="a">Incluye referencias bibliográficas (p. 353-359).</subfield>
  </datafield>
  <datafield tag="020" ind1=" " ind2=" ">
   <subfield code="a">9505376243</subfield>
  </datafield>
  <datafield tag="100" ind1="1" ind2=" ">
   <subfield code="a">Pahlen Acuña, Ricardo J. M.</subfield>
  </datafield>
  <datafield tag="700" ind1="1" ind2=" ">
   <subfield code="a">Fronti de García, Luisa.</subfield>
  </datafield>
  <datafield tag="082" ind1="0" ind2="4">
   <subfield code="a">657</subfield>
   <subfield code="2">21</subfield>
  </datafield>
  <datafield tag="650" ind1=" " ind2="7">
   <subfield code="a">Contabilidad ambiental.</subfield>
   <subfield code="2">unbist</subfield>
  </datafield>
  <datafield tag="650" ind1=" " ind2="7">
   <subfield code="a">Contabilidad social.</subfield>
   <subfield code="2">unbist</subfield>
  </datafield>
  <datafield tag="650" ind1=" " ind2="7">
   <subfield code="a">Gestión ambiental.</subfield>
   <subfield code="2">unbist</subfield>
  </datafield>
  <datafield tag="651" ind1=" " ind2="7">
   <subfield code="a">Argentina.</subfield>
   <subfield code="2">unbist</subfield>
  </datafield>
  <datafield tag="856" ind1=" " ind2=" ">
   <subfield code="u">http://bibliotecadigital.econ.uba.ar/download/libros/PahlenAcuna-Fronti%5FContabilidad-social-y-ambiental-2004.pdf</subfield>
   <subfield code="y">Texto completo (CC BY)</subfield>
  </datafield>
  <datafield tag="859" ind1=" " ind2=" ">
   <subfield code="a">AR-BaBDC</subfield>
   <subfield code="b">BIB. ADMINISTRACION - Libros</subfield>
   <subfield code="h">657</subfield>
   <subfield code="i">P151</subfield>
   <subfield code="p">b05703</subfield>
  </datafield>
 </record>
</collection>
